000 00442cam a2200169ua 4500
020 _c32 s net
041 _aeng
_h
082 _a828.09
_bHUB/RI
100 _aHubler, Edward .
245 _aRiddle of Shakespeare`s Sonnets /
_cEdward Hubler.
_hTextual Documents
260 _aLondon :
_bBasic books publishing co. ,
_c1962.
300 _a346 ;
_e`.
365 _a32 s net
504 _a
942 _cBK
999 _c11896
_d11896